000 00805nam a2200241 i 4500
001 bg
100 1 _aOGONOWSKI, Jan
245 1 0 _aPodstawowe surowce tlenowe i azotowe :
_bpomoc dydaktyczna /
_cJan Ogonowski.
260 _aKraków :
_bPK,
_c1994.
300 _a109 s. :
_brys. ;
_c24 cm.
490 1 _aPomoce Dydaktyczne / Politechnika Krakowska im. Tadeusza Kościuszki
504 _aBibliogr. s. 109.
650 9 _aAzot
_xzwiązki
_xtechnologia
650 9 _aTechnologia chemiczna organiczna
_xzagadnienia
650 9 _aTlen
_xzwiązki
_xtechnologia
655 _aPodręczniki akademickie
830 0 _aPomoce Dydaktyczne (Politechnika Krakowska im. Tadeusza Kościuszki)
040 _cBPK
041 0 _apl
080 _a661.7(075.8)
942 _cKS
008 s pl f |000 0 pol
999 _c6902
_d6902
856 _uhttp://koha.tu.koszalin.pl/cgi-bin/koha/opac-detail.pl?biblionumber=6902
_yKatalog online BPK